00486nam a2200157Ia 4500008004100000020001800041041000800059082001600067100003000083245007200113250001200185260002000197300004200217365001700259700005200276230718s9999 xx 000 0 und d a9781439802854 aeng a621.46bWIL aWilamowski B.M. (Editor)  aIndustrial Electronics HandbookbPower Electronics And Motor Drives a2nd ed. c2011bCRC Press dRef 717 I (39895), Ref 1691 E (53181) cRs.b5045.00 aWilamowski B.M. (Editor) & Irwin J.D. (Editor)